| 000 | 00390cam a2200157ua 4500 | ||
|---|---|---|---|
| 003 | OSt | ||
| 008 | 250315b |||||||| |||| 00| 0 eng d | ||
| 041 | _aeng | ||
| 082 |
_a621.9 _bCHA/WO |
||
| 100 |
_aChapman, W A J . _92566 |
||
| 245 | _aWorkshop technology, Vol 2 / | ||
| 250 | _a2 / | ||
| 260 |
_aLondon : _bEdward Arnold Publications Ltd , _c1962. |
||
| 300 | _a331 ; . | ||
| 942 | _cBK | ||
| 999 |
_c9306 _d9306 |
||